00256nam a2200109Ia 4500003000400000005001700004008004100021020001800062040002000080100001600100245003000116OSt20231107073037.0170524s9999 xx 000 0 und d a9780070636811 cIIMT UNIVERSITY aVAUGHAN- T. 0aMULTIMEDIA MAKING IT WORK